Apparatebau.

Gespeichert in:
Bibliographische Detailangaben
Körperschaften: Herz GmbH (Neuwied) (VerfasserIn), REZEK MHG, s.r.o. (České Budějovice) (ZusammenstellendeR)
Format: Buch
Sprache:Deutsch
Veröffentlicht: [S.l.] : [s.n.], 2007
Ausgabe:[1. Aufl.]
Schlagworte:
Online-Zugang: Volltext
Tags: Tag hinzufügen
Keine Tags, Fügen Sie den ersten Tag hinzu!

MARC

LEADER 00000nam a2200000 4500
003 SK-BrCVT
005 20220621162623.0
008 070403s2007 gw e ||||||ger d
035 |a CVTIDW1401410 
040 |b slo  |a CVTI SR  |e AACR2 
041 0 |a ger 
044 |a gw 
080 |a 678.059  |2 UDC-MRF 
110 2 |a Herz GmbH (Neuwied)  |4 aut 
245 1 0 |a Apparatebau. 
250 |a [1. Aufl.] 
260 |a [S.l.] :  |b [s.n.],  |c 2007 
300 |a 19 s. :  |b obr., tab. ; 
653 1 |a horúcovzdušná zváračka termoplastov  |a príslušenstvo 
710 2 |a REZEK MHG, s.r.o. (České Budějovice)  |4 com 
910 |b F026765 
959 |a 6111 
974 |f Firemná literatúra 
992 |a FFP 
999 |c 151509  |d 151509